Doctor Francisco Fernández del Castillo : 50 [i.e. cincuenta] años de vida profesional /

Con motivo de las bodas de oro del médico mexicano Francisco Fernández del Castillo, se publica esta obra que incluye estudios relacionados con los temas que el doctor se dedicó a estudiar, principalmente la historia de la medicina. Entre algunos trabajos se encuentra la importancia de la comunicaci...

Ful tanımlama

Kaydedildi:
Detaylı Bibliyografya
Materyal Türü: Kitap
Dil:İspanyolca
Baskı/Yayın Bilgisi: México : UNAM, Dirección General de Publicaciones, 1973, c1973
Konular:
Etiketler: Etiketle
Etiket eklenmemiş, İlk siz ekleyin!

MARC

LEADER 00000nam^a2200000^a^4500
001 000131878
005 20250521000000.0
009 20260310095037.42
037 |a Acervo ITESO - Biblioteca 
041 |a ESP 
082 |a 610. 972  |b DOC 
245 0 0 |a Doctor Francisco Fernández del Castillo :  |b 50 [i.e. cincuenta] años de vida profesional / 
264 4 |a México :  |b UNAM, Dirección General de Publicaciones,  |c 1973, c1973 
300 |a 239 p. 
336 |a texto  |b txt  |2 rdacontenido 
337 |a sin mediación  |b n  |2 rdamedio 
338 |a volumen  |b nc  |2 rdasoporte 
520 |a Con motivo de las bodas de oro del médico mexicano Francisco Fernández del Castillo, se publica esta obra que incluye estudios relacionados con los temas que el doctor se dedicó a estudiar, principalmente la historia de la medicina. Entre algunos trabajos se encuentra la importancia de la comunicación médica, la enseñanza de la medicina en México, los enfermos mentales a causa de la inquisición en México colonial, los médicos que aparecen en la novela Decamerón de Bocaccio, la seguridad social en México, entre otros. 
649 |a XX 
650 |a Médicos Mexicanos -  |x Homenajes 
650 |a Historiadores Mexicanos -  |x Homenajes 
650 |a Medios Audiovisuales en la Educación 
650 |a Medicina -  |z México -  |x Estudio y Enseñanza 
650 |a Medicina -  |z México -  |x Investigación 
650 |a Comunicación Institucional 
650 |a Medicina -  |x Filosofía 
650 |a Inquisición -  |z México -  |x Historia 
650 |a Iglesia Católica en México -  |x Historia 
650 |a Enfermos Mentales -  |z México -  |x Historia 
650 |a Seguridad Social -  |z México 
650 |a Médicos en la Literatura 
650 |a Cuentos Italianos 
650 |a Literatura Italiana -  |y Siglo XIV 
650 |a Literatura Italiana -  |x Historia y Crítica 
650 |a Boccaccio, Giovanni 
650 |a Diabetes 
650 |a Gastroenterología 
650 |a Cardiología 
650 |a Medicina -  |z México -  |x Historia 
650 |a Ciencias Médicas -  |z México -  |x Historia 
650 |a Ciencia -  |z México -  |x Historia 
650 |a Fernández del Castillo, Francisco 
910 |a Fondo Salvador Reynoso Reynoso 
920 |a Impresos - Libros 
930 |a Fondos Especiales 
905 |a 112 
901 |a 0800012121  |b IT2  |c ESP  |u 20250521 
901 |a 0800012503  |b IT2  |c ESP  |u 20250521 
902 |a https://opac.biblio.iteso.mx/vufind/Record/000131878